| 000 | 00717nam a22001937a 4500 | ||
|---|---|---|---|
| 999 |
_c11431 _d11431 |
||
| 003 | AR-CdUCM | ||
| 008 | 190404b ||||| |||| 00| 0 spa d | ||
| 040 |
_aMUNICIPALIDAD PROVINCIAL DEL CUSCO _cBIBLIOTECA MUNICIPAL DEL CUSCO |
||
| 082 |
_22ed. _a637 / _bM97 / 1945 |
||
| 100 |
_aMurtagh, Ricardo V. _928787 |
||
| 245 | _aLa explotación del tambo / | ||
| 260 |
_aBuenos Aires : _bSudamericana, _c1945. |
||
| 300 |
_a205 páginas ; _c18 cm. |
||
| 440 |
_aEnciclopedia agropecuaria argentina ; _n6 _928788 |
||
| 505 | _aContenido: Corrales -- utensilios -- Personal del tambo -- Ordeño -- La vaca lechera -- Explotación del tambo ... | ||
| 650 |
_aIndustria lechera _928789 |
||
| 942 |
_2ddc _cLIBROS |
||
| 945 | _aacv | ||